LEADER 01101nam a2200265 i 4500 001 000000333785 003 CaOOAMICUS 005 20190605152327.0 008 190605s2018 it u000 u ita u 013 $a235454 020 $a978-88-10-62165-3 040 $aSeMil$bita 245 13$a5: Vivere la fragilità e il proprio morire /$ca cura di Enzo Biemmi. 264 1$aBologna :$bEDB,$c2018. 300 $a172 p. ;$c21 cm. 650 4$aParrocchia - Evangelizzazione.$0(OLS)http://semarc/subject/20985 650 4$aMorte - Concezione cristiana.$0(OLS)http://semarc/subject/5126 700 1 $aBiemmi, Enzo,$c.$0(OLS)http://semarc/name/43376 773 0 $tProgetto secondo annuncio.$dBologna : EDB, 2011.$w()4649 850 $aSeMil 852 $aSeMil$W1$xVenegono$y1$m2C VI 240$j213344$B226089$CSeMilBibl$Z2$F226089 $81 996 $6020$a978-88-10-62165-3$9(OLS)http://semarc/number/287428 996 $6245$a5: Vivere la fragilità e il proprio morire$9(OLS)http://semarc/title/423480 996 $6264$aBologna :$bEDB$9(OLS)http://semarc/publisher/29669 LEADER 01235nam a2200265 i 4500 001 000000047338 003 CaOOAMICUS 005 20090826000000.0 008 090826s1974 it u000 u ita u 013 $a18508 040 $aSeMil$bita 100 1 $aBernardino : da Siena ,$c.$0(OLS)http://semarc/name/89161 245 10$aEcco il segno :$bantologie dalle prediche in italiano /$cSan Bernardino da Siena ; a cura di Giacomo Sabatelli V. ; con la collaborazione del P. Dionisio Pacetti. 260 $aSiena :$bCantagalli,$c1974. 300 $a404 p. ;$c21 cm. 490 0 $aI classici cristiani ;$v. 650 4$aPredicazione - Sec. 15. - Testi.$0(OLS)http://semarc/subject/2058 700 1 $aPacetti, Dionisio .$0(OLS)http://semarc/name/90078 700 1 $aSabatelli, Giacomo Vaifro.$0(OLS)http://semarc/name/23533 830 2$aI classici cristiani ;$v.$0(OLS)http://semarc/title/386 850 $aSeMil 852 $aSeMil$W1$xVenegono$y1$m2S I 514$j13493$B13493$CSeMilBibl$Z2$F13493 $81 961 $aOmaggio: Conti Franco 996 $6245$aEcco il segno :$bantologie dalle prediche in italiano$9(OLS)http://semarc/title/71277 996 $6260$aSiena :$bCantagalli$9(OLS)http://semarc/publisher/29767